00831 2200229 4500001002100000005001500021035002000036007000300056008004100059020002200100082001200122084001900134100002200153245008300175250001000258260003900268300002800307505022700335990001300562990001300575990001300588INLIS00000000000633420201221052452 a0010-1220000726ta201221 g 0 ind  a978-602-7874-35-0 a959.804 a959.804 NUR s0 aNur Khalik Ridwan1 aSuluk Gus Dur :bBilik - Bilik Spiritual Sang Guru Bangsa /cNur Khalik Ridwan aCet 2 aYogyakarta :bAR-RUZZ MEDIA,c2020 a272 hlm ;c13,5 X 20 cm aBuku ini mampu merekam lebih dalam dan apik ihwal laku suluk Gus Dur sebagai ikhtiar jasmani - ruhaninya untuk memperoleh keridhaan Tuhan dalam segala bidang, baik keislaman,kemasyarakatan ,keindonesiaan naupun kemanusiaan a76577657 a76577657 a76577657